| 000 | 00909nac a22002891i 4500 | ||
|---|---|---|---|
| 003 | EG-ScBUE | ||
| 005 | 20230829130132.0 | ||
| 008 | 230402s2003 enka f b 001 0 eng d | ||
| 020 | _a0582437768 | ||
| 020 | _a9780582437760 | ||
| 040 |
_aEG-ScBUE _beng _erda _cEG-ScBUE _dEG-ScBUE |
||
| 043 | _an-us--- | ||
| 082 | 0 | 4 |
_a791.430973 _bALL _222 |
| 100 | 1 |
_aAllen, Michael, _eauthor. |
|
| 245 | 1 | 0 |
_aContemporary US cinema / _cMichael Allen. |
| 246 | 3 | _aContemporary United States cinema | |
| 264 | 1 |
_aHarlow, England ; _aNew York : _bLongman, _c2003. |
|
| 300 |
_aviii, 265 pages : _billustrations ; _c24 cm |
||
| 336 |
_2rdacontent _atext _btxt |
||
| 337 |
_2rdamedia _aunmediated _bn |
||
| 338 |
_2rdacarrier _avolume _bnc |
||
| 504 | _aIncludes bibliographical references and index. | ||
| 650 | 7 |
_aMotion pictures _zUnited States. _2BUEsh |
|
| 653 | _bART | ||
| 655 | _vReading book | ||
| 942 |
_cBB _2ddc |
||
| 999 |
_c30494 _d30465 |
||